000 00322cam a22001217a 4500
008 180718b1959 xxu||||| |||| 00| 0 eng d
082 _aP5x54 H95
100 _aHusain, S. Abid
245 _aWhat is general education
_cby S. Abid Husain
260 _aBombay
_bAsia
_c1959
300 _a82p.
650 _aEducation, Humanistic
999 _c368908
_d368908